| 000 | 01244nam a22002537a 4500 | ||
|---|---|---|---|
| 003 | EG-ScBUE | ||
| 005 | 20220406101117.0 | ||
| 008 | 111127s1960 ua f 000 0 ara d | ||
| 040 |
_aEG-ScBUE _bara _erda _cEG-ScBUE _dEG-ScBUE |
||
| 082 | 0 | 4 |
_222 _a880.9 _bو ا ف |
| 100 | 1 |
_927906 _aوافي، علي عبد الواحد، _eمؤلف. |
|
| 245 | 1 | 2 |
_aالأدب اليوناني القديم : _bودلالته على عقائد اليونان ونظامهم الاجتماعي / _cتأليف الدكتور علي عبد الواحد وافي، دكتور في الآداب من جامعة باريس، عضو المجمع الدولي لعلم الاجتماع، رئيس قسم الفلسفة والاجتماع بجامعة القاهرة سابقا. |
| 264 | 1 |
_aالقاهرة : _bدار المعارف، _c[1960] |
|
| 300 |
_a259 صفحة ؛ _c24 سم |
||
| 336 |
_2rdacontent _aنص _btxt |
||
| 337 |
_2rdamedia _aبدون وسيط _bn |
||
| 338 |
_2rdacarrier _aمجلد _bnc |
||
| 504 | _aيشتمل على إرجاعات ببليوجرافية. | ||
| 650 | 7 |
_927907 _aالأدب اليوناني _xتاريخ ونقد. _2BUEsh |
|
| 651 | _2BUEsh | ||
| 653 |
_cNovember2011 _bGGEN |
||
| 655 |
_vReading book _934232 |
||
| 942 |
_2ddc _cBB |
||
| 999 |
_c16263 _d16263 |
||